| 000 | 01014nam0a22002891 4500 | ||
|---|---|---|---|
| 001 | v19\rc\1258185 | ||
| 005 | 20260405120423.0 | ||
| 035 | _a(NLR Aleph) 005198619 | ||
| 090 |
_a5286656 _c5286656 |
||
| 100 | _a20060306d1892 |||y0rusy50 ca | ||
| 101 | 0 | _arus | |
| 102 | _aRU | ||
| 105 | _ay z |||g| | ||
| 200 | 1 |
_aПесня запасных солдат _e(во время учебных сборов) |
|
| 210 |
_aКовна _cВ Губернской типографии _d1892 |
||
| 215 |
_a[6] с. _d16 |
||
| 300 | _a"Отд. оттиск из № 59 "Приб." к Ков. губ. ведомостям 1892 г." | ||
| 620 | _dКовно | ||
| 620 | _dКаунас | ||
| 686 | 3 | _aЛх-р 734 | |
| 700 | 1 |
_8rus _7ca _aШишло _bК. К. _f1845- _gКонстантин Касперович _3RU\NLR\AUTH\7746616 _929551 |
|
| 801 | 2 |
_aRU _bNLR _c20070306 _2rusmarc |
|
| 801 | 0 |
_aRU _bNLR _c20060306 _gpsbo |
|
| 801 | 1 |
_aRU _bProSoft-M _c20060306 _2rusmarc |
|
| 852 |
_aNLR _j18.207.6.390 |
||
| 942 | _cBOOK | ||
| 980 | _aNB | ||